000 00298nam a2200121Ia 4500
008 220216s9999 xx 000 0 und d
100 _aGeorge C M
245 0 _aNR price boom to affect rubber industry
260 _bRubber Asia
_c1995
300 _a21-28
650 _aRubber industry
942 _cJS
999 _c64165
_d64165